000 00525nam a22001577a 4500
005 20260407152155.0
008 260302b |||||||| |||| 00| 0 eng d
020 _a978-0-141-18701-3
050 _aPS 3513 .I 25 G 53 1998
100 _aGIBRAN, KAHLIL
245 _aTHE PROPHET
260 _aNEW YORK,
_bPENGUIN BOOKS,
_c1992,
300 _aXIII, 107P.
650 _a1. Philosophy-.Literary works 2. Spiritual life-Poetry 3. Arabic literature-Translations into English 4. Wisdom literature-Textbooks
942 _2lcc
_cBK
999 _c216727
_d216727